Carregant...

Ecology, environment and agriculture/

Dades bibliogràfiques
Altres autors: Vrinda Negi, Ed, Vir Singh, Ed, Govind Singh Kushwaha, Ed
Format: Printed Book
Publicat: New Delhi: Biotech Books, 2015.
Matèries:
LEADER 00908 a2200217 4500
020 |a 9788176223393 
082 |a OF 631.584  |b Q5 
245 |a Ecology, environment and agriculture/  |c ed by Vrinda Negi, Vir Singh and Govind Singh Kushwaha. 
260 |a New Delhi:  |b Biotech Books,  |c 2015. 
300 |a xvi, 305 p. 
504 |a Includes bibliographical references and index. 
650 |a Sustainable agriculture-India.  |9 39281 
650 |a Agricultural ecology.  |9 4921 
650 |a Agriculture-Environmental aspects.  |9 39282 
650 |a Environmental protection.  |9 39283 
700 |a Vrinda Negi, Ed.  |9 39284 
700 |a Vir Singh, Ed.  |9 33051 
700 |a Govind Singh Kushwaha, Ed.  |9 33053 
942 |c BK 
999 |c 87978  |d 87978 
952 |0 0  |1 0  |4 0  |6 OF_631_584000000000000_Q5  |7 0  |9 80287  |a MGUL  |b MGUL  |d 2016-07-20  |e Current Books Kottayam Bill No 165 dated 19.07.2016  |g 1600.00  |l 0  |o OF 631.584 Q5  |p 55941  |r 2016-08-03  |y BK